000 00902nam a22002057a 4500
999 _c3103
_d3103
005 20231009102924.0
008 231009b ||||| |||| 00| 0 eng d
020 _a9780746090824
040 _cKH8
082 _aFIC PHI
100 _aPhilbrick, W. R. (W. Rodman)
_eAuthor
245 _aLobster boy /
_cW. R. Philbrick
260 _aLondon,
_bUsborne,
_c2008
300 _a177 pages ;
_c20 cm
520 _aSkiff Beaman has a big problem. He needs a whole heap of money to fix up his family's fishing boat. Skiff can still hear his passed-away mother's voice telling him 'Never give up'. So he comes up with a plan. It's crazy, it's dangerous, and it's going to take all Skiff's grit and strength to win a great battle against the sea
650 _aAdventure stories
650 _aChildren of depressed persons
650 _aChildren of depressed persons
_vJuvenile fiction
942 _2ddc
_cFIC